Statistics for Milwaukee Bucks: Top 10 All-Time Leaders

Click here to take the quiz!

General Stats

  • This quiz has been taken 547 times
    (282 since last reset)
  • The average score is 51 of 100

Answer Stats

Category#PlayerAmount% Correct
Points1Giannis Antetokounmpo18,252
100%
Points Per Game2Giannis Antetokounmpo23.3
100%
Assists1Giannis Antetokounmpo3,790
100%
Steals2Giannis Antetokounmpo895
100%
Three Pointers Made8Giannis Antetokounmpo527
100%
Field Goal Percent2Giannis Antetokounmpo54.5%
100%
Rebounds2Giannis Antetokounmpo7,114
100%
Triple-Doubles1Giannis Antetokounmpo43
100%
Games1Giannis Antetokounmpo783
100%
Triple-Doubles2Kareem Abdul-Jabbar8
99%
Points Per Game1Kareem Abdul-Jabbar30.4
98%
Rebounds1Kareem Abdul-Jabbar7,608
98%
Field Goal Percent1Kareem Abdul-Jabbar54.7%
98%
Points2Kareem Abdul-Jabbar14,211
98%
Blocks8Kareem Abdul-Jabbar495
98%
Assists9Kareem Abdul-Jabbar2,008
98%
Games3Khris Middleton700
96%
Assists3Khris Middleton2,812
96%
Steals5Khris Middleton840
96%
Rebounds9Khris Middleton3,440
96%
Points3Khris Middleton12,104
96%
Blocks1Giannis Antetokounmpo970
90%
Three Pointers Made1Khris Middleton1,326
88%
Three Pointers Made4Brook Lopez657
87%
Blocks2Brook Lopez817
87%
Assists8Oscar Robertson2,156
82%
Triple-DoublesT4Oscar Robertson5
82%
Three Pointers Made2Ray Allen1,051
82%
Points Per Game7Ray Allen19.6
82%
Steals10Ray Allen618
82%
Steals6Alvin Robertson753
79%
Triple-DoublesT4Alvin Robertson5
79%
Triple-DoublesT4Sidney Moncrief5
68%
Games4Sidney Moncrief695
68%
Assists4Sidney Moncrief2,689
61%
Rebounds8Sidney Moncrief3,447
61%
Points5Sidney Moncrief11,594
61%
Steals4Sidney Moncrief874
61%
Steals8Marques Johnson697
51%
Rebounds4Marques Johnson3,923
51%
Field Goal Percent5Marques Johnson53.0%
51%
Triple-Doubles7Marques Johnson4
51%
Points Per Game5Marques Johnson21.0
51%
Blocks10Marques Johnson439
51%
Points8Marques Johnson10,980
51%
Blocks7Ervin Johnson586
50%
Points6Michael Redd11,554
50%
Games10Michael Redd578
50%
Three Pointers Made3Michael Redd1,003
50%
Points Per Game6Michael Redd20.0
50%
Three Pointers Made9Glenn Robinson494
42%
Steals9Glenn Robinson689
42%
Points Per Game3Glenn Robinson21.1
42%
Rebounds7Glenn Robinson3,519
42%
Points4Glenn Robinson12,010
42%
Points Per Game4Flynn Robinson21.1
41%
Field Goal Percent9Andrew Bogut52.2%
35%
Blocks5Andrew Bogut642
35%
Rebounds5Andrew Bogut3,810
35%
Three Pointers Made5Brandon Jennings554
35%
Rebounds3Bob Dandridge4,497
32%
Points7Bob Dandridge11,478
32%
Assists10Bob Dandridge1,956
32%
Games5Bob Dandridge618
32%
Triple-DoublesT8Eric Bledsoe2
29%
Rebounds6Terry Cummings3,758
28%
Points Per Game8Terry Cummings19.4
28%
Field Goal Percent10Pat Cummings51.9%
27%
Points Per Game10Monta Ellis18.9
25%
Three Pointers Made6Pat Connaughton548
25%
Triple-DoublesT8Sam Cassell2
21%
Points10Brian Winters9,743
20%
Steals7Brian Winters718
20%
Games8Brian Winters582
20%
Assists5Brian Winters2,479
20%
Field Goal Percent7Greg Monroe52.6%
19%
Games7Ersan İlyasova583
17%
Rebounds10Ersan Ilyasova3,343
17%
Games6Jon McGlocklin595
17%
Points9Junior Bridgeman9,892
17%
Games2Junior Bridgeman711
17%
Assists2Paul Pressey3,272
17%
Triple-Doubles3Paul Pressey6
17%
Steals3Paul Pressey894
17%
Games9Paul Pressey580
17%
Field Goal Percent3Bob Lanier54.1%
15%
Field Goal Percent4John Henson53.9%
15%
Blocks6John Henson600
15%
Three Pointers Made7Ersan Ilyasova536
13%
Field Goal Percent6Alton Lister52.7%
12%
Blocks3Alton Lister804
12%
Assists6Quinn Buckner2,391
10%
Steals1Quinn Buckner1,042
10%
Field Goal Percent8Frank Brickowski52.3%
8%
Three Pointers Made10Charlie Bell432
6%
Blocks4Harvey Catchings709
5%
Points Per Game9Sam Cassell19.0
5%
Assists7Sam Cassell2,269
5%
Blocks9Randy Breuer474
4%
Triple-DoublesT8Drew Gooden2
3%

Score Distribution

Percentile by Number Answered

Percent of People with Each Score

Your Score History

You have not taken this quiz since the last reset